[Event "DVM U14 2011"]
[Site "Lingen (Ems) GER"]
[Date "2011.12.30"]
[Round "7"]
[White "Yang, Daniel"]
[Black "Bach, Jannik"]
[Result "1/2-1/2"]
[Termination "normal"]
[Board "1.3"]
[WhiteElo "1263"]
[BlackElo "1832"]
[WhiteTeam "SG Porz"]
[BlackTeam "SV Lingen 1959"]
[WhiteFideId "12946273"]
[BlackFideId "24615900"]
[EventCountry "GER"]
[EventRounds "7"]
[EventType "team-swiss"]
[EventDate "2011.12.26"]

1. d4 Nf6 2. Nf3 e6 3. g3 c5 4. Bg2 Nc6 5. O-O Qb6 6. c3 a5 7. dxc5 Bxc5 8. Qb3
d5 9. Qxb6 Bxb6 10. Bf4 Bd7 11. Nbd2 O-O 12. c4 Ne7 13. Rac1 Rfc8 14. Ne5 Bc6
15. Nxc6 bxc6 16. Rc3 a4 17. Rfc1 Ne8 18. cxd5 cxd5 19. e4 d4 20. Rc4 Rxc4 21.
Rxc4 a3 1/2-1/2

[Event "DVM U14 2011"]
[Site "Lingen (Ems) GER"]
[Date "2011.12.30"]
[Round "7"]
[White "Peczely, Sebastian Zsombor"]
[Black "Flüchter, Gregor"]
[Result "1/2-1/2"]
[Termination "normal"]
[Board "2.1"]
[WhiteElo "2031"]
[BlackElo "1916"]
[WhiteTeam "SG Leipzig"]
[BlackTeam "SF Brackel 30"]
[WhiteFideId "750964"]
[BlackFideId "12903396"]
[EventCountry "GER"]
[EventRounds "7"]
[EventType "team-swiss"]
[EventDate "2011.12.26"]

1. e4 c5 2. Nf3 d6 3. d4 cxd4 4. Nxd4 Nf6 5. Nc3 a6 6. Be3 e5 7. Nf3 Be7 8. Bc4
O-O 9. O-O Bg4 10. h3 Bh5 11. Bg5 Nbd7 12. Bxf6 Nxf6 13. Qd3 Rc8 14. Bb3 Kh8
15. Nd2 Nd7 16. g4 Bg6 17. a4 Nc5 18. Qf3 Ne6 19. Rfd1 Bg5 20. Nc4 Nd4 1/2-1/2

[Event "DVM U14 2011"]
[Site "Lingen (Ems) GER"]
[Date "2011.12.30"]
[Round "7"]
[White "Birnkraut, Tim"]
[Black "Kreyssig, Robert"]
[Result "1/2-1/2"]
[Termination "normal"]
[Board "2.2"]
[WhiteElo "1729"]
[BlackElo "1895"]
[WhiteTeam "SF Brackel 30"]
[BlackTeam "SG Leipzig"]
[WhiteFideId "24609587"]
[BlackFideId "4662881"]
[EventCountry "GER"]
[EventRounds "7"]
[EventType "team-swiss"]
[EventDate "2011.12.26"]

1. e4 c5 2. c4 Nc6 3. Ne2 g6 4. d4 cxd4 5. Nxd4 Bg7 6. Be3 Nf6 7. Nc3 d6 8. Be2
O-O 9. O-O Bd7 10. f3 a5 11. b3 Nxd4 12. Bxd4 Bc6 13. Qd2 Nd7 14. Be3 Nc5 15.
Rab1 b6 16. Rfc1 f5 17. exf5 Rxf5 18. Bf1 Qf8 19. Ne2 e5 20. Ng3 Rf7 21. Rd1
Rd7 22. Qe1 Kh8 23. Bf2 d5 24. cxd5 Rxd5 25. Bc4 Rdd8 26. Rxd8 Rxd8 27. Rd1
Rxd1 28. Qxd1 b5 29. Bf1 Ne6 30. Qd2 b4 31. Qc2 Qd6 32. Ne4 Bxe4 33. Qxe4 Qd8
34. Qd3 Nd4 35. Qe4 Bf6 36. Bg3 Qb6 37. Bf2 Kg7 38. Bc4 Qc6 39. Qxc6 Nxc6 40.
Bb6 Bd8 41. Bf2 Bc7 42. h3 Kf6 43. Kf1 1/2-1/2

[Event "DVM U14 2011"]
[Site "Lingen (Ems) GER"]
[Date "2011.12.30"]
[Round "7"]
[White "Kreyssig, Bruno"]
[Black "Golosnyak, Alexander"]
[Result "1-0"]
[Termination "normal"]
[Board "2.3"]
[WhiteElo "1646"]
[BlackElo "1781"]
[WhiteTeam "SG Leipzig"]
[BlackTeam "SF Brackel 30"]
[WhiteFideId "4692489"]
[BlackFideId "24659703"]
[EventCountry "GER"]
[EventRounds "7"]
[EventType "team-swiss"]
[EventDate "2011.12.26"]

1. e4 e5 2. Nf3 Nc6 3. d4 exd4 4. Nxd4 Nf6 5. Nxc6 bxc6 6. e5 Qe7 7. Qe2 Nd5 8.
c4 Ba6 9. g3 Qb4+ 10. Nd2 Ne7 11. Bg2 Ng6 12. O-O Bb7 13. b3 c5 14. Ne4 Be7 15.
Bb2 O-O-O 16. Rab1 Qb6 17. Qf3 Rhf8 18. a3 f6 19. exf6 Bxf6 20. Bxf6 Rxf6 21.
Qe3 Re6 22. Rfe1 Rde8 23. f3 a5 24. Kf1 Bxe4 25. fxe4 Ne5 26. Qc3 Ng4 27. Kg1
Nf6 28. Qd3 Re5 29. Re2 Qe6 30. Rbe1 d6 31. b4 axb4 32. axb4 Kd7 33. bxc5 Rxc5
34. e5 Qxe5 35. Rxe5 Rcxe5 36. Rxe5 Rxe5 37. Bh3+ Ke7 38. Bf5 h6 39. Bh3 Rc5
40. Qg6 Rg5 41. Qd3 Rc5 42. Bg2 Re5 43. Bd5 Rg5 44. Qe3+ Re5 45. Qa7 Kd8 46.
Qa8+ Ke7 47. Qc8 Nxd5 48. cxd5 Rxd5 49. Qxc7+ Kf6 50. Qd7 Rd1+ 51. Kg2 Rd2+ 52.
Kh3 Kg6 53. Qe6+ Kh7 54. Qe3 Rd1 55. Kg4 Ra1 56. Qd3+ Kh8 57. Qxd6 Ra4+ 58. Kh3
Ra1 59. Kh4 Ra2 60. Qb8+ 1-0

[Event "DVM U14 2011"]
[Site "Lingen (Ems) GER"]
[Date "2011.12.30"]
[Round "7"]
[White "Trümper, Michael"]
[Black "Waschischeck, Tom"]
[Result "0-1"]
[Termination "normal"]
[Board "2.4"]
[WhiteElo "1614"]
[BlackElo "1464"]
[WhiteTeam "SF Brackel 30"]
[BlackTeam "SG Leipzig"]
[WhiteFideId "12946095"]
[BlackFideId "12931780"]
[EventCountry "GER"]
[EventRounds "7"]
[EventType "team-swiss"]
[EventDate "2011.12.26"]

1. d4 Nf6 2. Nc3 c5 3. d5 g6 4. e4 d6 5. Nf3 Bg7 6. Be2 O-O 7. O-O b6 8. Bf4
Ba6 9. Re1 Bxe2 10. Rxe2 Nh5 11. Bg5 Nd7 12. Nd2 h6 13. Bh4 g5 14. Re1 Nf4 15.
Bg3 Ng6 16. Nc4 a6 17. a4 Qb8 18. Ne3 Qb7 19. Nf5 b5 20. Nxg7 Kxg7 21. Qd2 bxa4
22. Rxa4 Nb6 23. Ra2 Nc4 24. Qe2 Nce5 25. b3 Qb4 26. Nd1 f5 27. Ra4 Qb7 28. f3
f4 29. Bf2 Qb5 30. Qd2 Rfb8 31. Nc3 Qb7 32. Rea1 Nh4 33. Bxh4 gxh4 34. Qxf4 Rf8
35. Qxh4 Rxf3 36. Ne2 Qd7 37. Nf4 Rxf4 38. Qxf4 Rf8 39. Qg3+ Kh7 40. Qh3 Qb5
41. Qe6 Qe2 42. Qh3 Qf2+ 43. Kh1 Qf1+ 44. Rxf1 Rxf1# 0-1

[Event "DVM U14 2011"]
[Site "Lingen (Ems) GER"]
[Date "2011.12.30"]
[Round "7"]
[White "Schmücker, Felix"]
[Black "Knopf, Felix"]
[Result "1-0"]
[Termination "normal"]
[Board "3.1"]
[WhiteElo "2062"]
[BlackElo "1802"]
[WhiteTeam "BSG Grün-Weiß Leipzig"]
[BlackTeam "SV Merseburg"]
[WhiteFideId "12900273"]
[BlackFideId "24692204"]
[EventCountry "GER"]
[EventRounds "7"]
[EventType "team-swiss"]
[EventDate "2011.12.26"]

1. e4 c5 2. Nf3 d6 3. d4 cxd4 4. Nxd4 Nf6 5. Nc3 a6 6. Bg5 e6 7. f4 Nbd7 8. Qf3
Be7 9. O-O-O Qc7 10. Bd3 b5 11. Rhe1 Bb7 12. g4 h6 13. Bxf6 Bxf6 14. Bxb5 axb5
15. Ndxb5 Qb8 16. Nxd6+ Kf8 17. Nxf7 Kxf7 18. Rxd7+ Ke8 19. Red1 Bxc3 20. Qxc3
Qxf4+ 21. Kb1 Bd5 22. exd5 Kxd7 23. Qxg7+ Kd6 24. dxe6+ Kxe6 25. Qd7+ Kf6 26.
Rd6+ Kg5 27. Rd5+ Kh4 28. Rh5# 1-0

[Event "DVM U14 2011"]
[Site "Lingen (Ems) GER"]
[Date "2011.12.30"]
[Round "7"]
[White "Hoffmann, Dustin"]
[Black "Richter, Leonard"]
[Result "0-1"]
[Termination "normal"]
[Board "3.2"]
[WhiteElo "1687"]
[BlackElo "1846"]
[WhiteTeam "SV Merseburg"]
[BlackTeam "BSG Grün-Weiß Leipzig"]
[WhiteFideId "1270566"]
[BlackFideId "12900290"]
[EventCountry "GER"]
[EventRounds "7"]
[EventType "team-swiss"]
[EventDate "2011.12.26"]

1. e4 c6 2. d4 d5 3. exd5 cxd5 4. Bd3 Nc6 5. c3 Nf6 6. Ne2 Bg4 7. Bf4 e6 8. O-O
Be7 9. Nd2 O-O 10. f3 Bh5 11. Ng3 Bg6 12. Nb3 a5 13. Bxg6 hxg6 14. Kh1 Qb6 15.
a4 Qa6 16. Re1 b5 17. Qe2 b4 18. Nc5 Qxe2 19. Rxe2 Rfc8 20. Rc1 bxc3 21. bxc3
Bxc5 22. dxc5 Nd8 23. Be3 Nd7 24. c4 Nxc5 25. cxd5 Nxa4 26. dxe6 Nxe6 27. Rec2
Rxc2 28. Rxc2 Rb8 29. h3 Nb2 30. Ne4 a4 31. Nc3 a3 32. Na2 Rb3 33. Rc3 Rxc3 34.
Nxc3 Nd1 35. Bd2 Nxc3 36. Bxc3 a2 37. Kg1 Nc5 38. Kf2 Nb3 39. Ke3 a1=Q 40. Bxa1
Nxa1 41. g4 Kf8 42. Ke4 Ke7 43. f4 Kf6 44. h4 Nb3 45. g5+ Ke6 46. f5+ gxf5+ 47.
Kf4 g6 0-1

[Event "DVM U14 2011"]
[Site "Lingen (Ems) GER"]
[Date "2011.12.30"]
[Round "7"]
[White "Angrick, Philipp"]
[Black "Le Hong, Quang Anh"]
[Result "1/2-1/2"]
[Termination "normal"]
[Board "3.3"]
[WhiteElo "1821"]
[BlackElo "1309"]
[WhiteTeam "BSG Grün-Weiß Leipzig"]
[BlackTeam "SV Merseburg"]
[WhiteFideId "12912298"]
[BlackFideId "12927589"]
[EventCountry "GER"]
[EventRounds "7"]
[EventType "team-swiss"]
[EventDate "2011.12.26"]

1. e4 c5 2. c3 Nf6 3. e5 Nd5 4. d4 cxd4 5. cxd4 e6 6. Nc3 d6 7. Nf3 Nc6 8. exd6
Bxd6 9. Nxd5 exd5 10. Be2 Bf5 11. O-O O-O 12. Bg5 f6 13. Be3 Be4 14. Nd2 Bg6
15. Qb3 Kh8 16. Kh1 Bc7 17. Bf3 Bf7 18. Rac1 Qd6 19. g3 Bb6 20. Rfd1 g5 21. Nb1
h5 22. Nc3 Ne7 23. Nb5 Qd7 24. Qb4 Rfd8 25. a4 a6 26. Nc3 Ba7 27. a5 h4 28. Na4
hxg3 29. hxg3 Kg7 30. Kg2 Rh8 31. Rh1 g4 32. Be2 1/2-1/2

[Event "DVM U14 2011"]
[Site "Lingen (Ems) GER"]
[Date "2011.12.30"]
[Round "7"]
[White "Dannenberg, Thomas"]
[Black "Baberz, Alexander"]
[Result "1/2-1/2"]
[Termination "normal"]
[Board "4.4"]
[WhiteElo "1427"]
[BlackElo "1765"]
[WhiteTeam "SK Kspr. Iserlohn 1934"]
[BlackTeam "Hamburger SK von 1830"]
[BlackFideId "12921734"]
[EventCountry "GER"]
[EventRounds "7"]
[EventType "team-swiss"]
[EventDate "2011.12.26"]

1. e4 c5 2. Nc3 Nc6 3. f4 e6 4. Nf3 g6 5. d3 Bg7 6. Be3 d6 7. g3 Nge7 8. Bg2
Nd4 9. O-O Nec6 10. Bxd4 Nxd4 11. Rb1 O-O 12. h3 f5 13. Qd2 Rb8 14. a4 a6 15.
Nd1 b5 16. axb5 axb5 17. Ne3 fxe4 18. dxe4 Qe7 19. b4 Rd8 20. Rfd1 Nxf3+ 21.
Bxf3 c4 22. e5 d5 23. c3 Bb7 24. Qd4 Bc8 1/2-1/2

[Event "DVM U14 2011"]
[Site "Lingen (Ems) GER"]
[Date "2011.12.30"]
[Round "7"]
[White "Greßmann, Moritz"]
[Black "Röhlich, Philipp"]
[Result "1-0"]
[Termination "normal"]
[Board "5.1"]
[WhiteElo "1748"]
[BlackElo "1734"]
[WhiteTeam "BSV 63 Chemie Weißensee"]
[BlackTeam "SG Trier"]
[WhiteFideId "24695084"]
[BlackFideId "24692832"]
[EventCountry "GER"]
[EventRounds "7"]
[EventType "team-swiss"]
[EventDate "2011.12.26"]

1. Nf3 c5 2. c4 Nc6 3. Nc3 g6 4. g3 Bg7 5. Bg2 e5 6. d3 Nge7 7. O-O O-O 8. a3
d6 9. Rb1 a5 10. Nb5 f5 11. Bg5 h6 12. Bxe7 Qxe7 13. Ne1 Bd7 14. Nc7 Rab8 15.
Nd5 Qd8 16. Nc2 b5 17. cxb5 Rxb5 18. b4 axb4 19. axb4 cxb4 20. Ncxb4 Nxb4 21.
Rxb4 Rxb4 22. Nxb4 Be6 23. Bd5 Bxd5 24. Nxd5 Kh7 25. Qc1 Qa8 26. Nc7 Qa2 27.
Qc6 Qxe2 28. Qxd6 Rf7 29. Nd5 Qg4 30. Qe6 Ra7 31. Ne7 Ra8 32. Rc1 Qg5 33. Rc6
Rf8 34. Qxg6+ Qxg6 35. Nxg6 Rd8 36. Nh4 Rf8 37. Re6 f4 38. Kg2 fxg3 39. hxg3
Rf6 40. Re7 Kg8 41. Rxe5 Rxf2+ 42. Kxf2 Bxe5 43. Nf5 Kh7 44. d4 Bc7 45. Kf3 Kg6
46. Ne7+ Kg5 47. Nd5 Bd6 48. Nf4 h5 49. d5 Kf5 50. Nxh5 1-0

[Event "DVM U14 2011"]
[Site "Lingen (Ems) GER"]
[Date "2011.12.30"]
[Round "7"]
[White "Bauer, Lukas"]
[Black "Donath, Johann"]
[Result "1/2-1/2"]
[Termination "normal"]
[Board "5.2"]
[WhiteElo "1640"]
[BlackElo "1871"]
[WhiteTeam "SG Trier"]
[BlackTeam "BSV 63 Chemie Weißensee"]
[WhiteFideId "12907715"]
[BlackFideId "24685160"]
[EventCountry "GER"]
[EventRounds "7"]
[EventType "team-swiss"]
[EventDate "2011.12.26"]

1. d4 Nf6 2. Nf3 d6 3. c4 Nbd7 4. g3 g6 5. Bg2 Bg7 6. O-O O-O 7. b3 c5 8. Bb2
cxd4 9. Nxd4 Rb8 10. Nc3 a6 11. Rc1 Ne5 12. h3 Bd7 13. Nd5 b5 14. cxb5 Nxd5 15.
Bxd5 axb5 16. Bg2 Qb6 17. Kh2 Rfc8 18. Qd2 h5 19. f4 Nc6 20. Nxc6 Bxc6 21. Bxc6
Bxb2 22. Qxb2 Rxc6 23. Kg2 Rbc8 24. a3 Qe3 25. Rxc6 Rxc6 26. Kh2 Qc5 27. Rf3 e6
28. Kg2 Qf5 29. Qd4 Qc2 30. Qd3 Qc5 31. Re3 Kf8 32. Re4 Qb6 33. Rb4 Rc5 34. a4
Qc6+ 35. Kf2 bxa4 36. bxa4 Rc3 37. Rb8+ Ke7 38. Qd4 Rc4 39. Qa7+ Kf6 40. Rf8
Qc5+ 1/2-1/2

[Event "DVM U14 2011"]
[Site "Lingen (Ems) GER"]
[Date "2011.12.30"]
[Round "7"]
[White "Greßmann, Hanna"]
[Black "Kim, Yun-Ghi"]
[Result "0-1"]
[Termination "normal"]
[Board "5.3"]
[WhiteElo "1327"]
[BlackElo "1784"]
[WhiteTeam "BSV 63 Chemie Weißensee"]
[BlackTeam "SG Trier"]
[WhiteFideId "12930709"]
[BlackFideId "12925888"]
[EventCountry "GER"]
[EventRounds "7"]
[EventType "team-swiss"]
[EventDate "2011.12.26"]

1. d4 d5 2. Nf3 Nf6 3. Nbd2 e6 4. e3 c6 5. Bd3 Nbd7 6. e4 dxe4 7. Nxe4 Nxe4 8.
Bxe4 Nf6 9. Bd3 c5 10. dxc5 Bxc5 11. O-O O-O 12. Bg5 b6 13. a3 Bb7 14. b4 Be7
15. Qe2 Nd5 16. Bxe7 Qxe7 17. c4 Nf4 18. Qe3 Nxd3 19. Qxd3 e5 20. Qe3 e4 21.
Rad1 f5 22. Nd4 f4 23. Qb3 Kh8 24. Rfe1 e3 25. fxe3 f3 26. Nxf3 Bxf3 27. gxf3
Rxf3 28. Rd2 Qh4 29. Qd1 Raf8 30. Rg2 Qxc4 31. Qa1 Qf7 32. Kh1 Kg8 33. Qa2 Qxa2
34. Rxa2 Rf2 35. Rxf2 Rxf2 36. e4 Kf7 37. Kg1 Ra2 38. Re3 Ke6 39. e5 Rd2 40.
Rg3 g6 41. Rf3 Rd7 42. Kf2 Kxe5 43. Re3+ Kd4 44. Ke2 Kc4 45. Re4+ Kb3 46. Re3+
Ka4 47. Kf3 a5 48. bxa5 bxa5 49. Kg4 Rd5 50. Rc3 h5+ 51. Kh4 Rd4+ 52. Kg5 Rg4+
53. Kh6 h4 54. Re3 g5 55. Kh5 Rg2 56. h3 Rg3 57. Re1 Rxh3 58. Kxg5 Kxa3 59. Rb1
Rh2 60. Kg4 a4 61. Rb6 Ka2 62. Rb5 a3 63. Kf4 h3 64. Kg3 Rb2 65. Re5 h2 66. Re1
Rb1 0-1

[Event "DVM U14 2011"]
[Site "Lingen (Ems) GER"]
[Date "2011.12.30"]
[Round "7"]
[White "Bach, Marc-Andre"]
[Black "Boehling, Richard"]
[Result "1-0"]
[Termination "normal"]
[Board "5.4"]
[WhiteElo "1714"]
[BlackElo "1318"]
[WhiteTeam "SG Trier"]
[BlackTeam "BSV 63 Chemie Weißensee"]
[WhiteFideId "1270773"]
[BlackFideId "12946176"]
[EventCountry "GER"]
[EventRounds "7"]
[EventType "team-swiss"]
[EventDate "2011.12.26"]

1. e4 e5 2. Nf3 Nc6 3. Bc4 Bc5 4. c3 Nf6 5. d3 d6 6. a4 a5 7. Na3 Bxa3 8. Rxa3
Ne7 9. O-O O-O 10. Bg5 Ng6 11. d4 Bg4 12. Be2 h6 13. Bxf6 Qxf6 14. h3 Bxf3 15.
Bxf3 Rfd8 16. d5 Nf4 17. Rb3 Ra7 18. Rb5 Qg6 19. Kh2 Qf6 20. g3 Ng6 21. Re1 Qe7
22. Qb3 Rb8 23. Qc2 Raa8 24. Rb1 c6 25. dxc6 bxc6 26. Rxb8+ Rxb8 27. b4 axb4
28. cxb4 Qb7 29. Be2 Ne7 30. Bc4 Nc8 31. Kg2 Na7 32. Qd3 Qc7 33. Qc3 Rb7 34.
Rb3 d5 35. exd5 cxd5 36. Bxd5 Qxc3 37. Rxc3 Rxb4 38. Bxf7+ Kxf7 39. Rc7+ Ke6
40. Rxa7 g5 41. Kf3 e4+ 42. Ke3 Ke5 43. Re7+ Kd5 44. a5 Rb3+ 45. Ke2 Ra3 46.
Ra7 Kc5 47. Ra8 Kc6 48. a6 Kb6 49. Re8 Ra4 50. Re6+ Ka7 51. Rxh6 Ra3 52. Rg6
Ra5 53. Ke3 Rf5 54. Kxe4 Rxf2 55. Rxg5 Kxa6 56. h4 Kb6 57. Rg6+ Kc7 58. h5 Kd7
59. Rg7+ Ke8 60. h6 Kf8 61. g4 Rf1 62. Rg5 Rf7 63. Rf5 Rxf5 64. Kxf5 Kf7 65. g5
Kf8 66. Kf6 Kg8 67. g6 Kh8 68. g7+ Kg8 69. h7+ 1-0

[Event "DVM U14 2011"]
[Site "Lingen (Ems) GER"]
[Date "2011.12.30"]
[Round "7"]
[White "Nguyen, Huy Dat"]
[Black "Reimann, Sebastian"]
[Result "1/2-1/2"]
[Termination "normal"]
[Board "6.2"]
[WhiteElo "1744"]
[BlackElo "1516"]
[WhiteTeam "SV Medizin Erfurt"]
[BlackTeam "SK 1908 Göggingen"]
[WhiteFideId "12923486"]
[BlackFideId "12928054"]
[EventCountry "GER"]
[EventRounds "7"]
[EventType "team-swiss"]
[EventDate "2011.12.26"]

1. c4 Nf6 2. Nc3 e6 3. g3 d5 4. cxd5 exd5 5. d4 Bf5 6. Bg2 c6 7. Nf3 Bd6 8. O-O
O-O 9. Bg5 h6 10. Bxf6 Qxf6 11. Qb3 Qe7 12. Rfd1 Qc7 13. Rac1 Qb6 14. e3 Qxb3
15. axb3 Nd7 16. Na4 a6 17. Nc5 Nxc5 18. dxc5 Be7 19. Nd4 Bg6 20. b4 Rfd8 21.
Nb3 Bf6 22. Rd2 Bf5 23. Na5 Rab8 24. Bf1 Be4 25. Rcd1 Bf3 26. Be2 Bxe2 27. Rxe2
Kf8 28. Red2 Ke8 29. Kf1 g5 30. f4 g4 31. Kg2 Bg7 32. h3 h5 33. hxg4 hxg4 34.
Rh1 Ke7 35. Rh4 f5 36. Rh5 Kf6 37. Nb3 Kg6 38. Rg5+ Kf6 39. Nd4 Bh6 40. Rxf5+
Kg6 41. Re5 Re8 42. Rxe8 Rxe8 43. Kf2 Bg7 44. Ke2 Bxd4 45. Rxd4 Kf5 46. Kf2 Re7
47. Ke2 Re8 48. Kf2 1/2-1/2

[Event "DVM U14 2011"]
[Site "Lingen (Ems) GER"]
[Date "2011.12.30"]
[Round "7"]
[White "Reimann, Matthias"]
[Black "Knorre, Jonas"]
[Result "1/2-1/2"]
[Termination "normal"]
[Board "6.3"]
[WhiteElo "1476"]
[BlackElo "1728"]
[WhiteTeam "SK 1908 Göggingen"]
[BlackTeam "SV Medizin Erfurt"]
[WhiteFideId "12928046"]
[BlackFideId "24696900"]
[EventCountry "GER"]
[EventRounds "7"]
[EventType "team-swiss"]
[EventDate "2011.12.26"]

1. c4 {[%emt 0:00:00]} Nf6 2. Nc3 g6 3. g3 Bg7 4. Bg2 O-O 5. Nf3 d6 6. d4 Nbd7
7. O-O c5 8. d5 a6 9. Re1 Rb8 10. a4 Ne8 11. Qd3 Ndf6 12. e4 Nc7 13. h3 Bd7 14.
a5 Qc8 15. Kh2 b5 16. axb6 Rxb6 17. e5 Nfe8 18. Na4 Rb4 19. Nc3 Bf5 20. Qf1
dxe5 21. Nxe5 Bxe5 1/2-1/2

[Event "DVM U14 2011"]
[Site "Lingen (Ems) GER"]
[Date "2011.12.30"]
[Round "7"]
[White "Nguyen, Ha Thanh"]
[Black "Artz, Tobias"]
[Result "1/2-1/2"]
[Termination "normal"]
[Board "6.4"]
[WhiteElo "1139"]
[BlackElo "1388"]
[WhiteTeam "SV Medizin Erfurt"]
[BlackTeam "SK 1908 Göggingen"]
[WhiteFideId "12942154"]
[BlackFideId "12928127"]
[EventCountry "GER"]
[EventRounds "7"]
[EventType "team-swiss"]
[EventDate "2011.12.26"]

1. e4 e5 2. Nf3 Nc6 3. Bc4 Bc5 4. c3 d6 5. d3 Bg4 6. O-O h6 7. h3 Bh5 8. Nbd2
Nf6 9. Re1 O-O 10. Qe2 Re8 11. Nb3 Bb6 12. Bd2 a6 13. Rad1 1/2-1/2

[Event "DVM U14 2011"]
[Site "Lingen (Ems) GER"]
[Date "2011.12.30"]
[Round "7"]
[White "Kardoeus, David"]
[Black "Beeck, Mats"]
[Result "1/2-1/2"]
[Termination "normal"]
[Board "7.1"]
[WhiteElo "1757"]
[BlackElo "1671"]
[WhiteTeam "SV Werder Bremen"]
[BlackTeam "SK Doppelbauer Kiel"]
[WhiteFideId "12912050"]
[BlackFideId "12936944"]
[EventCountry "GER"]
[EventRounds "7"]
[EventType "team-swiss"]
[EventDate "2011.12.26"]

1. b3 e5 2. Bb2 Nc6 3. e3 Nf6 4. c4 d5 5. d3 Bb4+ 6. Bc3 Bxc3+ 7. Nxc3 O-O 8.
Nf3 Re8 9. cxd5 Nxd5 10. Nxd5 Qxd5 11. Be2 Bg4 12. O-O Rad8 13. Rc1 Rd6 14. h3
Bh5 15. Rc3 Red8 16. Qb1 Bg6 17. Nh4 e4 18. Nxg6 Rxg6 19. dxe4 Qg5 20. Bg4 h5
21. f4 Qh4 22. Bf3 Qxh3 23. e5 Qg3 24. Qe1 Qxe1 25. Rxe1 h4 26. Bxc6 bxc6 27.
f5 Rg5 28. Re2 Rxf5 29. Rxc6 Rxe5 30. Rxc7 a5 31. Rc4 g5 32. g3 hxg3 33. Kg2
Rd3 34. Rg4 f6 35. Rxg3 a4 36. e4 Rxg3+ 37. Kxg3 axb3 38. axb3 f5 39. Kf3 fxe4+
40. Rxe4 Rb5 41. b4 Kf7 42. Kg4 Kg6 43. Rc4 Rb6 44. Re4 Rb5 45. Re6+ Kf7
1/2-1/2

[Event "DVM U14 2011"]
[Site "Lingen (Ems) GER"]
[Date "2011.12.30"]
[Round "7"]
[White "Wanner, Lukas"]
[Black "Rosenthal, Moritz"]
[Result "1/2-1/2"]
[Termination "normal"]
[Board "7.2"]
[WhiteElo "1594"]
[BlackElo "1082"]
[WhiteTeam "SK Doppelbauer Kiel"]
[BlackTeam "SV Werder Bremen"]
[WhiteFideId "12918148"]
[BlackFideId "12946338"]
[EventCountry "GER"]
[EventRounds "7"]
[EventType "team-swiss"]
[EventDate "2011.12.26"]

1. e4 e5 2. Nf3 Nc6 3. Bb5 Nf6 4. d3 d6 5. O-O Bd7 6. Nbd2 a6 7. Ba4 Be7 8. c3
b5 9. Bc2 O-O 10. Re1 Qc8 11. Nf1 d5 12. exd5 Nxd5 13. Nxe5 Nxe5 14. Rxe5 c6
15. Ng3 f6 16. Re1 Re8 17. d4 Bd6 18. Qd3 Rxe1+ 19. Nf1 g6 20. Bb3 Re8 21. Qf3
Bg4 22. Bxd5+ cxd5 23. Qxd5+ Qe6 24. Qxe6+ Bxe6 25. f4 b4 26. g3 bxc3 27. bxc3
Rec8 28. Bd2 Rab8 29. Ne3 Rb2 30. Be1 Rxa2 31. Rc1 Bb4 32. Bf2 Rxc3 33. Rd1 Rc7
34. d5 Bf7 35. Ng4 Bc3 36. d6 Rc8 37. d7 Rd8 38. Bb6 Rxd7 39. Rxd7 Kg7 40. Bf2
f5 41. Ne5 Bxe5 42. fxe5 Re2 43. Bd4 Kf8 44. Bc5+ Kg8 45. Rd8+ Kg7 46. Bf8+ Kh8
47. Bh6+ Bg8 48. Rd7 Be6 49. Rd8+ Bg8 1/2-1/2

[Event "DVM U14 2011"]
[Site "Lingen (Ems) GER"]
[Date "2011.12.30"]
[Round "7"]
[White "Lai Hop, Long"]
[Black "Andreßen, Kay"]
[Result "0-1"]
[Termination "normal"]
[Board "7.3"]
[WhiteElo "1079"]
[BlackElo "1381"]
[WhiteTeam "SV Werder Bremen"]
[BlackTeam "SK Doppelbauer Kiel"]
[WhiteFideId "12942707"]
[EventCountry "GER"]
[EventRounds "7"]
[EventType "team-swiss"]
[EventDate "2011.12.26"]

1. e4 e5 2. Nf3 Nc6 3. Bb5 a6 4. Ba4 Nf6 5. d3 Bc5 6. O-O d6 7. Bg5 O-O 8. Nc3
Be6 9. Qd2 Nd4 10. Nxd4 Bxd4 11. Rfd1 c6 12. Kh1 h6 13. Be3 Ng4 14. h3 Qh4 15.
Rf1 f5 16. Bxd4 exd4 17. Nd1 fxe4 18. dxe4 Ne5 19. f4 Bxh3 20. gxh3 Qxh3+ 21.
Kg1 Nf3+ 22. Rxf3 Qxf3 23. Bb3+ Kh8 24. e5 Rxf4 25. Qf2 Rg4+ 26. Kf1 Qh1+ 27.
Ke2 Rg2 28. exd6 Rxf2+ 29. Kxf2 Qh2+ 30. Ke1 Re8+ 31. Kf1 Qxd6 0-1

[Event "DVM U14 2011"]
[Site "Lingen (Ems) GER"]
[Date "2011.12.30"]
[Round "7"]
[White "Malinin, Nikita"]
[Black "Bitsch, Sebastian"]
[Result "1-0"]
[Termination "normal"]
[Board "7.4"]
[WhiteElo "1410"]
[BlackElo "919"]
[WhiteTeam "SK Doppelbauer Kiel"]
[BlackTeam "SV Werder Bremen"]
[WhiteFideId "12946214"]
[EventCountry "GER"]
[EventRounds "7"]
[EventType "team-swiss"]
[EventDate "2011.12.26"]

1. e4 c5 2. Nc3 Nc6 3. g3 g6 4. Bg2 Bg7 5. d3 Nf6 6. Be3 d6 7. h3 Rb8 8. f4 Qa5
9. Nge2 b5 10. e5 Nd4 11. exf6 Bxf6 12. Bd2 Nxe2 13. Qxe2 b4 14. Nd1 Ba6 15.
O-O O-O 16. a3 Rfd8 17. Rb1 Qa4 18. Be4 Qxc2 19. Ne3 Bd4 20. Rfc1 Bxe3+ 21.
Qxe3 Qa4 22. axb4 cxb4 23. Qxa7 Qb5 24. Qe3 Bb7 25. Kh2 Bxe4 26. dxe4 e5 27.
Rd1 d5 28. Qf3 1-0

[Event "DVM U14 2011"]
[Site "Lingen (Ems) GER"]
[Date "2011.12.30"]
[Round "7"]
[White "Müller, Max"]
[Black "Petrashov, Alexander"]
[Result "1/2-1/2"]
[Termination "normal"]
[Board "8.1"]
[WhiteElo "1644"]
[BlackElo "1751"]
[WhiteTeam "SC Caissa Schwarzenbach"]
[BlackTeam "SW  Nürnberg Süd"]
[WhiteFideId "12900486"]
[BlackFideId "24662461"]
[EventCountry "GER"]
[EventRounds "7"]
[EventType "team-swiss"]
[EventDate "2011.12.26"]

1. e4 e6 2. d4 d5 3. Nd2 Nd7 4. c3 c5 5. Bd3 cxd4 6. cxd4 dxe4 7. Nxe4 Ngf6 8.
Nf3 Nxe4 9. Bxe4 Nf6 10. Bc2 Nd5 11. O-O Be7 12. Be3 O-O 13. Qd3 g6 14. a3 Bd7
15. Bh6 Re8 16. Ne5 Bf8 17. Qf3 Qe7 18. Qh3 Bxh6 19. Qxh6 Bb5 20. Rfe1 f6 21.
Ng4 Qg7 22. Qh3 Rac8 23. Bb3 Bc6 24. Ne3 f5 25. Nxd5 Bxd5 26. Bxd5 exd5 27. Qd3
Rxe1+ 28. Rxe1 Rc4 29. Rd1 Qc7 30. g3 Rc1 31. Qe2 Kf7 32. Rxc1 Qxc1+ 33. Kg2
Qb1 34. f3 Qc1 35. Kf2 Qc4 36. Qd2 b6 37. h4 a5 38. Qc3 b5 39. Ke3 a4 40. Qa5
Kg7 41. Qa7+ Kf6 42. Qb6+ Kf7 43. Qb7+ Ke6 44. Qb6+ Kd7 45. Qb7+ Kd6 46. Qb6+
Qc6 47. Qd8+ Qd7 48. Qxd7+ Kxd7 49. Kf4 Ke6 50. Kg5 Kf7 51. Kh6 1/2-1/2

[Event "DVM U14 2011"]
[Site "Lingen (Ems) GER"]
[Date "2011.12.30"]
[Round "7"]
[White "Meulner, Fabian"]
[Black "Backens, Johannes"]
[Result "1/2-1/2"]
[Termination "normal"]
[Board "8.2"]
[WhiteElo "1812"]
[BlackElo "1235"]
[WhiteTeam "SW  Nürnberg Süd"]
[BlackTeam "SC Caissa Schwarzenbach"]
[WhiteFideId "12913936"]
[BlackFideId "12946389"]
[EventCountry "GER"]
[EventRounds "7"]
[EventType "team-swiss"]
[EventDate "2011.12.26"]

1. b4 d5 2. Bb2 Nf6 3. g3 e6 4. a3 c6 5. Bg2 Nbd7 6. d3 Bd6 7. c4 Qe7 8. Nc3
O-O 9. Nf3 Ne5 10. Nxe5 Bxe5 11. Qb3 Bd7 12. O-O Rfc8 13. e3 Bd6 14. Rfe1 h6
15. e4 dxe4 16. Nxe4 Nxe4 17. Bxe4 Re8 18. Qc3 e5 19. Rad1 Rad8 20. Bg2 Bf5 21.
Qc1 Qc7 22. d4 exd4 23. Rxe8+ Rxe8 24. Bxd4 Bf8 25. Be3 Bg4 26. Rd4 Be6 27. Bf4
Qc8 28. Qd2 Bf5 29. Be3 Qc7 30. Bf1 c5 31. Bf4 Qc8 32. Rd5 Be6 33. Re5 Rd8 34.
Qe3 Bd6 35. Re4 Bxf4 36. Qxf4 cxb4 37. axb4 Rd7 38. Qe3 b6 39. f4 Qc7 40. Qf3
Rd8 41. Qe3 Rd7 42. Rd4 Rxd4 43. Qxd4 Kf8 44. Kf2 1/2-1/2